|
|
|
|
| LEADER |
00000nab a2200000u 4500 |
| 001 |
vtls011786370 |
| 003 |
SK-MaSNL |
| 005 |
20260303210805.0 |
| 008 |
181019|20181016xo ||||||| ||00 ||slo| |
| 038 |
|
|
|a KEVKJB
|
| 040 |
|
|
|a KEVKJB
|b slo
|e rda
|
| 041 |
0 |
|
|a slo
|
| 043 |
|
|
|a e-xo---
|
| 044 |
|
|
|a xo
|c SK
|
| 072 |
|
7 |
|a 614
|x Verejné zdravie a hygiena
|2 konspekt
|
| 080 |
|
|
|a 614.21
|2 2011
|
| 100 |
1 |
|
|a Vargová, Jana
|4 aut
|9 325005
|
| 245 |
1 |
0 |
|a Košická univerzitná nemocnica prepadla v hodnotení INEKO
|b UNLP je dlhodobo najhoršia v hodnotení kvality poskytovanej zdravotnej starostlivosti ...
|c Jana Vargová
|
| 300 |
|
|
|b Fotografie
|
| 336 |
|
|
|a text
|b txt
|2 rdacontent
|
| 337 |
|
|
|a bez média
|b n
|2 rdamedia
|
| 338 |
|
|
|a zväzok
|b nc
|2 rdacarrier
|
| 610 |
2 |
7 |
|a Univerzitná nemocnica L. Pasteura Košice
|2 kevkjb
|9 155401
|
| 610 |
2 |
7 |
|a INEKO (Bratislava, Slovensko)
|2 kevkjb
|9 35097
|
| 650 |
0 |
7 |
|a nemocnice
|2 kevkjb
|9 3008
|
| 650 |
0 |
7 |
|a 2018
|2 kevkjb
|9 1092235
|
| 651 |
|
7 |
|a Košice (Slovensko)
|2 kevkjb
|9 18694
|
| 773 |
0 |
|
|t KOŠICE:DNES
|g Roč. 5, č. 200 (16.10.2018), s. 2-3
|x 1339-7605
|
| 852 |
|
|
|a KEVKJB
|b KIS3GCP
|
| 856 |
4 |
1 |
|u https://kosicednes.sk/tema-dna/univerzitna-nemocnica-l-pasteura-v-kosiciach-prepadla-v-hodnoteni-ineko/
|
| 999 |
|
|
|c 2201739
|d 2203669
|